000 01014nam a22003017a 4500
001 6730
003 DO-SdBPM
005 20250116101641.0
007 6730
008 020917s2001 sp | ||| ||spa
020 _a8481302678 (part.1)
040 _aDO-SdBPM
_bspa
_cBPMSU
_erda
082 4 _a863.7
_bB248f 2001
_222
100 1 _aBarea, Arturo,
_d1897-1957.
_eautor
245 1 3 _aLa forja de un rebelde /
_cArturo Barea ; prólogo de Luis Antonio de Villena
_b
264 4 _aMadrid :
_bMelenium,
_c2001.
300 _a317 páginas
_c22 cm.
336 _atexto
_btxt
_2[rdacontent]
337 _a sin mediación
_bn [rdamedia.]
338 _avolumen
_bnc
_2[rdacarrier.]
_0
490 0 _aMillenium.Las 100 mejores novelas en castellano del siglo XX ;
_aBiblioteca el mundo,
_v23
590 _aInventariado, 2025/VM
650 4 _aNovela española.
650 4 _aAutores españoles
700 1 _aVillena, Luis Antonio de,
_eprólogo
910 _aVMateo V. Control de calidad. BPMSU
942 _2ddc
_cBK
999 _c8720
_d8720